| 000 | 00570cam a2200169 4500500 | ||
|---|---|---|---|
| 005 | 20260405004006.0 | ||
| 041 | _afre | ||
| 042 | _adc | ||
| 100 | 1 | 0 |
_aMartin, Guillaume _eauthor |
| 245 | 0 | 0 | _aLibérez les mutants, avec “Révolutions transclasses”, de Chantal Jaquet |
| 260 | _c2026. | ||
| 500 | _a11 | ||
| 690 | _aChantal Jaquet | ||
| 690 | _aTransclasse | ||
| 786 | 0 | _nPhilosophie magazine | 196 | 1 | 2026-01-01 | p. 168-168 | 1951-1787 | |
| 856 | 4 | 1 | _uhttps://shs.cairn.info/magazine-philosophie-magazine-2026-1-page-168?lang=fr&redirect-ssocas=7080 |
| 999 |
_c2072700 _d2072700 |
||